000 01107nam a2200337 i 4500
001 66505
003 ES-MaACL
005 20260508132704.0
007 t|
008 030507s2003 sp ||||0| spa d
020 _a84-8307-544-X
040 _aM-BN
_bspa
_cM-BN
080 _a929 Gallimard, Gaston
080 _a655.52(44)"19"
100 _aAssouline, Pierre,
_d1953-....
_9239236
245 1 0 _aGaston Gallimard
_b: medio siglo de edición en Francia /
_cPierre Assouline ; prólogo de Rafael Conte ; traducción de Ana Montero.
250 _a1ª ed. en Ediciones Península.
260 _aBarcelona :
_bPenínsula,
_c2003.
300 _a463 p. ;
_c26 cm.
490 1 _aAtalaya ;
_v118
504 _aBibliografía: p. 435-444. Indice.
600 1 4 _aGallimard, Gaston-
_xBiografías.
_953628
650 1 4 _aEditores-
_zFrancia-
_yS.XX.
_912065
650 1 4 _aLibros-
_zFrancia
_914434
700 1 _aConte, Rafael.
_940270
700 1 _aMontero, Anna.
_982468
830 0 _aAtalaya ;
_v118
_9180261
852 _aES-MaACL
_jL-26994
_bR.132740
999 _c66505
_d66505